LIBRARY & INFORMATION CENTRE, KCAET, TAVANUR

ONLINE PUBLIC ACCESS CATALOGUE (OPAC)

Water supply and sanitary engineering / (Record no. 89)

MARC details
000 -LEADER
fixed length control field 00429cam a2200169ua 4500
003 - CONTROL NUMBER IDENTIFIER
control field OSt
008 - FIXED-LENGTH DATA ELEMENTS--GENERAL INFORMATION
fixed length control field 250823b |||||||| |||| 00| 0 eng d
041 ## - LANGUAGE CODE
Language code of text/sound track or separate title eng
082 ## - DEWEY DECIMAL CLASSIFICATION NUMBER
Classification number 628.01
Item number BIR/WA
100 ## - MAIN ENTRY--AUTHOR NAME
Personal name Birdie, G S .
245 ## - TITLE STATEMENT
Title Water supply and sanitary engineering /
250 ## - EDITION STATEMENT
Edition statement 6 /
260 ## - PUBLICATION, DISTRIBUTION, ETC. (IMPRINT)
Place of publication New Delhi :
Name of publisher Dhanpat Rai Publishing Co. Pvt. Ltd. ,
Year of publication 2002.
300 ## - PHYSICAL DESCRIPTION
Number of Pages 950 ; .
700 1# - ADDED ENTRY--PERSONAL NAME
Personal name Birdie, J S .
942 ## - ADDED ENTRY ELEMENTS (KOHA)
Koha item type Books
Holdings
Withdrawn status Lost status Damaged status Home library Current library Date acquired Full call number Accession Number Koha item type
      KAUAET KAUAET 07/04/2012 628.01 BIR/WA 20558 Books
      KAUAET KAUAET 07/04/2012 628.01 BIR/WA 19486 Books
      KAUAET KAUAET 07/04/2012 628.01 BIR/WA 21937 Books
free website counter